000 00318nam a22001457a 4500
008 221010b ||||| |||| 00| 0 eng d
020 _a0070251215
041 _aeng
080 _a62
082 _a62 SCH
100 _a19.1
101 _aINXH
245 _aPROBLEMS IN BASIC ELECTRONIS
_cSCHULTZ
942 _2udc
_cBK
999 _c58462
_d58462